| 000 | 01090nas a2200337 4500 | ||
|---|---|---|---|
| 001 | BR2013005258 | ||
| 003 | BR-BrBNA | ||
| 005 | 20231205122616.0 | ||
| 007 | ta | ||
| 008 | 230509b bl.|||p| |||| 00| 00por d | ||
| 040 |
_aBR-BrBNA _bpor _cBiblioteca Nacional de Agricultura |
||
| 041 | _a(Pt) | ||
| 072 | _aK50 | ||
| 100 | 1 | _aManfredi, M. | |
| 100 | 1 | _aOliveira, R.C. de | |
| 100 | 1 | _aSilva, J.C. da | |
| 100 | 1 | _a | |
| 100 | 1 | _a | |
| 100 | 1 | _a | |
| 245 | 1 | _aMelhoramento das propriedades de papéis reciclados através da ultrassonificação das fibras e adição de xilanas | |
| 246 | 1 | _aDevelopment of recycled paper properties by ultrasonic treatment and addition of xylan | |
| 650 | _aPAPEL | ||
| 650 | _aMELHORAMENTO | ||
| 650 | _aFIBRA | ||
| 650 | _aULTRA-SOM | ||
| 650 | _aRECICLAGEM | ||
| 773 | 0 |
_tRevista Árvore (Brazil) _xISSN 0100-6762 _g(Jul-Aug 2012), v. 36(4) p. 777-785 _wBR2013005258 |
|
| 856 | 4 |
_uhttp://www.scielo.br/pdf/rarv/v36n4/a19v36n4.pdf _yRecurso eletrônico (PDF) |
|
| 909 |
_a202311 _bLúcia _c55 _dLúcia Elande |
||
| 942 |
_2AGRIS _n0 _cANA |
||
| 999 |
_c229559 _d229559 |
||